<An> African exploration of the East Asian education experience

Gespeichert in:
Bibliographische Detailangaben
Weitere Verfasser: Fredriksen, Birger, Peng, Tan Jee
Format: Buch
Sprache:Englisch
Veröffentlicht: Washington, D.C. <The> World Bank 2008
Schriftenreihe:Development practice in education
Schlagworte:
Tags: Tag hinzufügen
Keine Tags, Fügen Sie das erste Tag hinzu!

MARC

LEADER 00000nam$a2200000$$$4500
001 0078240
005 20240109070910.9
041 0 |a eng 
044 |a US 
245 1 0 |a <An> African exploration of the East Asian education experience  |c edited by: Birger Fredriksen and Tan Jee Peng 
264 1 |a Washington, D.C.  |b <The> World Bank  |c 2008 
300 |a 374 s.  |e 1 CD-ROM 
490 1 |a Development practice in education 
830 0 |a Development practice in education 
610 2 0 |a vzdelávanie 
610 2 0 |a školy základné 
610 2 0 |a školstvo 
610 2 0 |a vývoj 
610 2 0 |a vyučovanie 
610 2 0 |a kvalita 
610 2 0 |a školy stredné 
610 2 0 |a príprava na povolanie 
610 2 0 |a porovnanie medzinárodné 
610 2 0 |a Afrika 
610 2 0 |a východná Ázia 
700 1 |a Fredriksen, Birger 
700 1 |a Peng, Tan Jee